| Tag |
First Indicator |
Second Indicator |
Subfields |
| LEADER |
00000cam a2200000 4500 |
| 001 |
in00000059535 |
| 005 |
20151007082514.0 |
| 008 |
800226s1926 iau 00000 eng |
| 010 |
|
|
|a 27027089
|
| 035 |
|
|
|a (OCoLC)06023183
|
| 035 |
|
|
|9 AAF7978AM
|
| 040 |
|
|
|a DLC
|c VIC
|d TXA
|d UtOrBLW
|
| 049 |
|
|
|a TXAM
|c [210835]
|
| 050 |
|
0 |
|a HA372
|b 1925
|
| 092 |
|
|
|a 317.77
|b I64, 1925
|
| 110 |
1 |
|
|a Iowa.
|b Executive Council.
|
| 245 |
1 |
0 |
|a Census of Iowa for the year 1925 /
|c Comp. and pub. under direction of the Executive Council of the state of Iowa. Lou F. Morgans, director of the census.
|
| 264 |
|
1 |
|a Des Moines :
|b The state of Iowa,
|c [1926]
|
| 300 |
|
|
|a lxxxvi, 1120 pages including map, tables, diagrams ;
|c 24 cm.
|
| 336 |
|
|
|a text
|b txt
|2 rdacontent
|
| 337 |
|
|
|a unmediated
|b n
|2 rdamedia
|
| 338 |
|
|
|a volume
|b nc
|2 rdacarrier
|
| 651 |
|
0 |
|a Iowa
|x Census, 1925.
|
| 700 |
1 |
|
|a Morgans, Lou Franklin.
|
| 999 |
|
|
|a MARS
|
| 999 |
f |
f |
|s 20de078e-d8a3-3822-982c-d33ba165b1ee
|i 71553b5b-96b1-3731-96fe-afc90e60658d
|t 0
|
| 952 |
f |
f |
|p ric
|a Texas A&M University
|b Rellis Campus
|c Joint Library Facility
|d Remote Storage
|t 0
|e HA372 1925
|h Library of Congress classification
|i unmediated -- volume
|m A14800655941
|
| 998 |
f |
f |
|a HA372 1925
|t 0
|l Remote Storage
|